NHL Starting Goaltenders of the 2020s - broken, don't take - Statistics

General Stats
  • This quiz has been taken 9 times
  • The average score is 136 of 286
Answer Stats
% Correct
2 Christopher Gibson
100%
183 Jeremy Swayman
100%
215 John Gibson
100%
20 | 43 | 126 Linus Ullmark
100%
30 Carey Price
89%
148 Carter Hart
89%
27 | 50 | 57 | 86 Darcy Kuemper
89%
242 Jake Oettinger
89%
287 Juuse Saros
89%
36 | 45 | 114 Marc-Andre Fleury
89%
57 Mike Smith
89%
169 Samuel Montembeault
89%
17 | 22 | 110 Adin Hill
78%
30 | 46 | 141 Alexandar Georgiev
78%
3 | 22 | 74 Connor Ingram
78%
23 | 138 Filip Gustavsson
78%
23 | 122 Frederik Andersen
78%
39 | 69 Jack Campbell
78%
15 Jakub Dobes
78%
20 Jet Greaves
78%
9 | 46 | 95 Jonathan Quick
78%
11 | 24 | 49 | 74 Joonas Korpisalo
78%
247 Jordan Binnington
78%
75 Joseph Woll
78%
55 | 131 Karel Vejmelka
78%
36 | 58 | 79 Mackenzie Blackwood
78%
4 | 28 | 45 Matt Murray
78%
21 Pekka Rinne
78%
5 | 12 | 18 | 124 Petr Mrazek
78%
4 | 17 | 18 | +2 others Scott Wedgewood
78%
244 Sergei Bobrovsky
78%
224 Tristan Jarry
78%
2 | 12 Yaroslav Askarov
78%
24 | 33 | 42 Anthony Stolarz
67%
18 Arturs Silovs
67%
198 Elvis Merzlikins
67%
257 Igor Shesterkin
67%
29 | 57 | 80 Ilya Samsonov
67%
248 Ilya Sorokin
67%
49 | 212 Jacob Markstrom
67%
2 | 19 | 20 | +2 others James Reimer
67%
68 Mikko Koskinen
67%
123 Semyon Varlamov
67%
15 | 70 Spencer Knight
67%
168 Stuart Skinner
67%
202 Thatcher Demko
67%
28 Tuukka Rask
67%
280 Andrei Vasilevsky
56%
21 | 22 Braden Holtby
56%
5 | 51 Calvin Pickard
56%
32 | 43 | 52 | 81 Cam Talbot
56%
24 | 27 | 74 Casey DeSmith
56%
43 Cayden Primeau
56%
297 Connor Hellebuyck
56%
2 | 55 Craig Anderson
56%
5 | 90 Dan Vladar
56%
41 | 124 Jake Allen
56%
5 Jesper Wallstedt
56%
6 | 109 Joey Daccord
56%
2 | 6 | 15 | 42 Jonas Johansson
56%
107 Lukas Dostal
56%
19 | 33 | 34 | 42 Martin Jones
56%
39 | 150 Philipp Grubauer
56%
112 Pyotr Kochetkov
56%
14 Ryan Miller
56%
104 Samuel Ersson
56%
3 | 53 | 82 Ville Husso
56%
3 | 33 Akira Schmid
44%
2 | 5 | 14 | 69 Alex Lyon
44%
3 | 7 Andrew Hammond
44%
77 Arvid Soderblom
44%
3 | 12 | 18 | 53 David Rittich
44%
5 | 13 Devan Dubnyk
44%
36 Devon Levi
44%
69 Dustin Wolf
44%
1 | 29 | 36 Eric Comrie
44%
25 Ivan Fedotov
44%
63 Joel Hofer
44%
8 | 23 Jonathan Bernier
44%
35 | 49 | 66 Kevin Lankinen
44%
42 | 95 Logan Thompson
44%
1 | 2 Louis Domingue
44%
1 | 3 | 14 Malcolm Subban
44%
34 Pavel Francouz
44%
151 Ukko-Pekka Luukkonen
44%
7 | 17 | 75 | 77 Vitek Vanecek
44%
132 Anton Forsberg
33%
1 | 39 Anton Khudobin
33%
26 | 39 Brian Elliott
33%
3 | 12 Carter Hutton
33%
4 | 112 Charlie Lindgren
33%
1 Cory Schneider
33%
61 Daniil Tarasov
33%
6 Dennis Hildeby
33%
4 | 6 Jaxson Stauber
33%
12 Joel Blomqvist
33%
20 | 24 Justus Annunen
33%
31 | 33 Laurent Brossoit
33%
13 Leevi Merilainen
33%
1 Olivier Rodrigue
33%
1 Olle Eriksson Ek
33%
1 | 43 Pheonix Copley
33%
63 Robin Lehner
33%
16 | 57 Thomas Greiss
33%
3 | 5 | 9 Aaron Dell
22%
13 Aleksei Kolosov
22%
1 Ales Stezka
22%
1 | 24 Alex Stalock
22%
11 | 72 Antti Raanta
22%
1 Brandon Halverson
22%
4 | 76 Cal Petersen
22%
23 | 26 Chris Driedger
22%
11 | 18 Collin Delia
22%
12 Curtis McElhinney
22%
2 | 6 | 38 Dustin Tokarski
22%
2 Dylan Ferguson
22%
21 Erik Kallgren
22%
1 Erik Portillo
22%
26 Felix Sandstrom
22%
1 Garret Sparks
22%
5 Hunter Shepard
22%
14 | 17 | 24 Jaroslav Halak
22%
7 Jiri Patera
22%
1 | 2 | 14 Jon Gillies
22%
7 Josef Korenar
22%
1 | 6 | 46 | 74 Kaapo Kahkonen
22%
1 | 8 Keith Kinkaid
22%
3 Kevin Mandolese
22%
25 Mads Sogaard
22%
1 | 14 Magnus Hellberg
22%
6 Matt Tomkins
22%
1 | 2 Maxime Lagace
22%
1 Michael DiPietro
22%
1 | 9 | 10 Michael Hutchinson
22%
47 Nico Daws
22%
1 Nikita Tolopilo
22%
1 Oscar Dansk
22%
10 | 13 | 33 Spencer Martin
22%
1 Trent Miner
22%
3 Zach Fucale
22%
1 Adam Huska
11%
2 Alexei Melnichuk
11%
23 | 65 | 68 Alex Nedjelkovic
11%
1 Clay Stevenson
11%
6 Devin Cooley
11%
1 Drew Commesso
11%
1 Eetu Makiniemi
11%
6 Georgi Romanov
11%
1 Jack LaFontaine
11%
1 Jakub Skarek
11%
8 Magnus Chrona
11%
1 Mall Villalta
11%
10 | 11 Marcus Hogberg
11%
1 Matt Villalta
11%
6 Michael Houser
11%
2 Troy Grosenick
11%
3 Zachary Sawchenko
11%
4 Harri Sateri
0%
5 Hunter Miska
0%
8 | 11 Ivan Prosvetov
0%
6 J-F Berube
0%
2 Matiss Kivlenieks
0%
No matching quizzes found
Score Distribution
Percent of People with Each Score
Percentile by Number Answered
Your Score History
You have not taken this quiz